Soft-signalling (Record no. 83035)

MARC details
000 -LEADER
fixed length control field 00915cad a22001935a 4500
001 - CONTROL NUMBER
control field L152624
008 - FIXED-LENGTH DATA ELEMENTS--GENERAL INFORMATION
fixed length control field 110406s2011 xxk 000 0 eng d
035 ## - SYSTEM CONTROL NUMBER
System control number (Sirsi) u152624
041 0# - LANGUAGE CODE
Language code of text/sound track or separate title eng
100 1# - MAIN ENTRY--PERSONAL NAME
Personal name Miller, Joshua
245 00 - TITLE STATEMENT
Title Soft-signalling
Remainder of title a new approach to house price bubbles
Medium [electronic resource]
490 ## - SERIES STATEMENT
Series statement RICS Economic Research
Volume/sequential designation March 2011
520 ## - SUMMARY, ETC.
Summary, etc. Notes that independent central banks are reluctant to use interest rates to counter house price bubbles and property cycles. Emergence of macro prudential regulatory frameworks. Refers to model pioneered by Riksbank in Sweden.
590 ## - LOCAL NOTE (RLIN)
Local note KA
651 #4 - SUBJECT ADDED ENTRY--GEOGRAPHIC NAME
Geographic name INTERNATIONAL
690 ## - LOCAL SUBJECT ADDED ENTRY--TOPICAL TERM (OCLC, RLIN)
Topical term or geographic name as entry element PROPERTY-RESIDENTIAL PROPERTY-RESIDENTIAL PROPERTY MARKET
856 40 - ELECTRONIC LOCATION AND ACCESS
Uniform Resource Identifier <a href="www.rics.org/Global/Downloads/RICS_Economic_Research_Soft-signalling_a_new_approach_to_house_price_bubbles.pdf">www.rics.org/Global/Downloads/RICS_Economic_Research_Soft-signalling_a_new_approach_to_house_price_bubbles.pdf</a>
Public note View this item free of charge at www.rics.org
942 ## - ADDED ENTRY ELEMENTS (KOHA)
Suppress in OPAC 0
Holdings
Withdrawn status Lost status Source of classification or shelving scheme Damaged status Not for loan Home library Current library Shelving location Date acquired Total Checkouts Full call number Barcode Date last seen Copy number Price effective from Koha item type
    Dewey Decimal Classification     Virtual Virtual Online 06/04/2011   ONLINE PUBLICATION 152624-2001 06/08/2019 1 06/08/2019 Journal article